Movies by Adapted Cartoons Quiz Stats

Quiz Updated Sep 12, 2015

Challenge
Share
Tweet
Score 0/20 Timer 06:00
2 Plays Today
% Correct
Back to the Future
97.9%
The Mask
97.5%
Ghostbusters
96.2%
Planet of the Apes
94.8%
Men in Black
92.9%
Godzilla
92.4%
Ace Ventura: Pet Detective
90.4%
Beetlejuice
89.5%
RoboCop
88.7%
First Blood/Rambo
83%
% Correct
Dumb and Dumber
80.3%
Napoleon Dynamite
75.3%
Police Academy
73.9%
Spaceballs
68.4%
Clerks
61.8%
The Mummy
61.8%
Street Fighter
51.8%
Jumanji
44.2%
Friday
43.5%
Beethoven
18.1%

You're not logged in!

Compare scores with friends on all Sporcle quizzes.
Sign Up with Email
OR
Log In

You Might Also Like...

Show Comments

Extras

Top Quizzes Today


Score Distribution

Your Account Isn't Verified!

In order to create a playlist on Sporcle, you need to verify the email address you used during registration. Go to your Sporcle Settings to finish the process.